000 00495nam a2200181 i 4500
001 146725
003 ES-MaACL
005 20230906201641.0
007 t|
008 070917s1913 sp ||||1| spa d
080 _a821.134.2-31"18"
100 1 _aTrigo, Felipe.
_9111409
245 1 3 _aLa bruta :
_b(héroes de ahora): novela /
_cFelipe Trigo.
250 _a4ª ed.
260 _aMadrid :
_b[s.n.],
_c1913 (
_fTip. Renacimiento)
300 _a393 p. ;
_c19 cm.
852 4 _aES-MaACL
_jB-6111
999 _c146725
_d146725